Science Quiz

Random Science or Animal Quiz
Score 0/20 Timer 04:00
0 Plays Today
Hint Answer % Correct
Column IIITiger
98.8%
Column VHuman
96.5%
Column IIICat
96.5%
Column IISnake
96.2%
Column IIIOrca
95.7%
Column IIHippopotamus
95.3%
Column VCamel
94%
Column IGorilla
93.1%
Column IVDog
93%
Column IVPanda
92.1%
Hint Answer % Correct
Column IIIBald Eagle
91.8%
Column IVCow
90.2%
Column IAnteater
86.4%
Column IIChameleon
82%
Column IKangaroo
73.6%
Column IPenguin
73.4%
Column IIPolar Bear
65.9%
Column VGiraffe
64.8%
Column IVElephant
61%
Column VOkapi
13.5%
Remove Ads.
Support Sporcle.
Get the best of Sporcle when you Go Orange. This ad-free experience offers more features, more stats, and more fun while also helping to support Sporcle. Thank you for becoming a member.

You're not logged in!

Compare scores with friends on all Sporcle quizzes.
OR
Log In

Show Comments

Extras

Top Quizzes Today


Score Distribution

Your Account Isn't Verified!

In order to create a playlist on Sporcle, you need to verify the email address you used during registration. Go to your Sporcle Settings to finish the process.

Report this User

Report this user for behavior that violates our Community Guidelines.

Details: